| 000 | 00471nam a22001697a 4500 | ||
|---|---|---|---|
| 999 |
_c163305 _d163305 |
||
| 005 | 20190408170158.0 | ||
| 010 | _aB-031609 | ||
| 020 | _c160.00 | ||
| 035 | _aB-031609 | ||
| 037 | _bBharat Law House Pvt. Ltd. | ||
| 082 | _a658.401 | ||
| 100 | _aGarg, R.K | ||
| 245 |
_aBharat's project management & control / _cR.K. Garg |
||
| 260 |
_aNew Delhi _bBharat Law House Pvt. Ltd. _c2000 |
||
| 300 |
_a463p. _c23cm(pbk) |
||
| 942 |
_2ddc _cEN _h658.401 _mGAR |
||